MDQL
is popping MORE tags! Check the
thread
!
Quizzes
Events
Quiz Creation
Community
Videos
Private Events
Remove Ads
Sign In
Join for FREE
Feedback
Dark Mode
Quiz Categories
Sports
Geography
Music
Movies
Television
Just For Fun
Miscellaneous
History
Literature
Language
Science
Gaming
Entertainment
Religion
Holiday
For Kids
Quiz Lab
Recent
Popular Today
Quiz Kudos Today
Editor Picks
Curator Picks
Quizzes by...
Day
Popularity
Type
Ratings
Length
Year
Community
Subscriptions
Recent Discussions
Orange Saloon
Badges
Playlists
Quests
Create
Leaderboards
Showdown
Live 5
Trivia Bingo
Activity
Puzzle Library
Sporcle Events
Private Events
Virtual Trivia
Globe League
Become a Host
Pub Owners
SporcleCon
Opinionation
Our Games
Videos
Blog
Mobile Apps
Partnerships
Remove Ads and Go Orange
Feedback
Music
Pop Music
The Beatles
Song
Album
Lyrics
Bands
Singers
Artist
Clip
Rock
Rap
Classical
Billboard
Country Music
Kpop
Taylor Swift
Music
Pop Music
The Beatles
Song
Album
Lyrics
Bands
Singers
Artist
Clip
Rock
Rap
Classical
Billboard
Country Music
Kpop
Taylor Swift
Random Quiz
Search Sporcle
×
Quiz Lab
Quiz Lab
Music
Reverse
Type in answers that appear in a list
Type in answers that appear in a list
Classic
Best Score? Go Orange.
Xxx48 Franchise Reverse Name Match Stats
Can you name the given names of these AKB48, SKE48, HKT48, and NMB48 members and Kenkyuusei??
By
SeifukuGirls
15m
237 Questions
665 Plays
665 Plays
665 Plays
Comments
Comments
Give Quiz Kudos
Give Quiz Kudos
-
- Ratings
hide this ad
More Info
Replay
Link that replays current quiz
Next Quiz
Link to next quiz in quiz playlist
You Got
0%
They Got
Avg Score
75%
Avg Friend Score
Upgrade to see
Score Distribution
Jump to the score distribution portion of the page
Score
0/237
Timer
15:00
0
Plays Today
Surname
Given Name
% Correct
Takahashi
Minami, Juri, Ayane
99.5%
Matsui
Jurina, Rena, Sakiko
99.2%
Ishida
Haruka, Anna, Yumi
99.1%
Kato
Rena, Rumi, Yuuka
98.8%
Iriyama
Anna
98.6%
Ijiri
Anna
98.6%
Murashige
Anna
98.6%
Oba
Mina
98.5%
Imada
Mina
98.5%
Shimada
Haruka
98.2%
Komiyama
Haruka
97.9%
Okada
Ayaka, Nana, Kanna
97.9%
Shimazaki
Haruka
97.7%
Kodama
Haruka
97.7%
Tanaka
Natsumi, Yuka, Miku
97.7%
Wakatabe
Haruka
97.7%
Futamura
Haruka
97.7%
Kumazaki
Haruka
97.7%
Nakagawa
Haruka
97.7%
Ueno
Haruka
97.7%
Kobayashi
Kana, Marina, Ami
97.6%
Watanabe
Mayu, Miyuki
97.6%
Shibata
Aya
97.4%
Ogasawara
Mayu
97.4%
Yamamoto
Sayaka, Mao, Ai, Ruka
97.1%
Owada
Nana
97.1%
Arai
Yuki
97%
Sato
Sumire, Kiara, Mieko, Akari, Shiori, Nanami
97%
Takeuchi
Miyu, Mai, Saki
97%
Nakanishi
Yuka, Chiyori
96.8%
Azuma
Yuki, Rion
96.8%
Kashiwagi
Yuki
96.7%
Yamada
Nana, Reina, Marina, Juna, Mizuho, Nanami
96.7%
Shimono
Yuki
96.7%
Izuta
Rina
96.4%
Kawaei
Rina
96.4%
Tano
Yuuka
96.4%
Chikano
Rina
96.4%
Fujita
Nana
96.4%
Kondo
Rina, Moeri
96.4%
Kushiro
Rina
96.4%
Hirata
Rina
96.4%
Yamao
Rina
96.4%
Akiyoshi
Yuka
96.4%
Tanaka
Yuka
96.4%
Ota
Aika, Yuuri, Nao
96.2%
Okabe
Rin
96.2%
Oshima
Yuko, Ryoka
96.1%
Maeda
Ami, Mitsuki
96.1%
Kojima
Haruna, Mako, Natsuki
96.1%
Yokoyama
Yui, Yui
95.9%
Takano
Yui
95.9%
Miyamae
Ami
95.9%
Kojina
Yui
95.9%
Yumoto
Ami
95.8%
Morikawa
Ayaka
95.8%
Abe
Maria, Mei
95.8%
Umeda
Ayaka
95.8%
Okita
Ayaka
95.8%
Murakami
Ayaka
95.8%
Morita
Ayaka
95.8%
Oguri
Yui
95.8%
Moriwaki
Yui
95.8%
Hidaritomo
Ayaka
94.9%
Minegishi
Minami
94.9%
Iwata
Karen
94.6%
Kitahara
Rie
94.6%
Kawakami
Rena, Chihiro
94.4%
Miyazaki
Miho
94.1%
Kinoshita
Haruna, Momoka
94.1%
Sasaki
Yukari, Yuka
94.1%
Tomonaga
Mio
94.1%
Yoshino
Miyu
93.7%
Nakano
Reina, Ikumi
93.5%
Fujie
Reina
92.9%
Suda
Akari
92.9%
Yoshida
Akari
92.9%
Ishizuka
Akari
92.9%
Omori
Miyuu
92.9%
Surname
Given Name
% Correct
Kurihara
Sae
92.4%
Muto
Tomu
92.3%
Ichikawa
Miori, Manami
92.3%
Tanabe
Miku
92.3%
Shimizu
Maria
92.2%
Miyazawa
Sae
92%
Kita
Reina
92%
Kuramochi
Asuka
91.9%
Murase
Sae
91.9%
Tomiyoshi
Asuka
91.9%
Yokomichi
Yuri
91.8%
Nishiyama
Rena
91%
Miyawaki
Sakura, Riko
91%
Fukuchi
Rena
90.5%
Suzuki
Shihori, Mariya
90%
Nagao
Mariya
89.1%
Yamauchi
Suzuran, Tsubasa, Yuna
88.8%
Fukushi
Nao
88.8%
Goto
Risako, Izumi, Moe
88.5%
Furuhata
Nao
87.9%
Ueki
Nao
87.9%
Takajo
Aki
87.9%
Kawamoto
Saya
87.6%
Oya
Shizuka, Masana
87.6%
Sashihara
Rino
87.6%
Aigasa
Moe
87.6%
Nakamura
Mariko
87.2%
Tani
Marika,Yuri
87%
Yakata
Miki
84.9%
Nishino
Miki
84.9%
Uchida
Mayumi
84.6%
Takayanagi
Akane
84.3%
Kotani
Riho
83.9%
Abiru
Riho
83.9%
Iwasa
Misaki
83.1%
Kizaki
Yuria
82.5%
Umemoto
Madoka, Izumi
82.5%
Aramaki
Misaki
82.4%
Jonishi
Kei
81.6%
Hashimoto
Hikari, Haruna
81.1%
Hattori
Yuna
80.8%
Moriyasu
Madoka
80.7%
Matsuoka
Natsumi, Chiho
79.6%
Odan
Mai
79.6%
Fuchigami
Mai
79.6%
Kimoto
Kanon
79.3%
Furukawa
Airi
78.9%
Tanigawa
Airi
78.9%
Godo
Saki
78.8%
Mukaichi
Mion
77.8%
Iguchi
Shiori
77.7%
Kaneko
Shiori
77.7%
Kono
Saki
77.7%
Kitazawa
Saki
77.7%
Aoki
Shiori
77.7%
Anai
Chihiro
77.5%
Yamagishi
Natsumi
77.4%
Shiroma
Miru
77.2%
Nakata
Chisato
76.8%
Uchiyama
Mikoto, Natsuki
76.8%
Ego
Yuna
76.6%
Sakaguchi
Riko, Nagisa
76.5%
Hirose
Natsuki
76.1%
Fujimura
Natsuki
76.1%
Mita
Mao
76%
Yagura
Fuuko
76%
Takatsuka
Natsuki
75.6%
Tashima
Meru
75.1%
Iwatate
Saho
75%
Yabuki
Nako
74.9%
Iwahana
Shino
74.2%
Motomura
Aoi
73.5%
Kamata
Natsuki
73.3%
Mogi
Shinobu, Kasumi
72.7%
Shibuya
Nagisa
72.5%
Matsumura
Kaori
72.4%
Okawa
Rio
71.4%
Sakai
Mei
71.3%
Yabushita
Shu
71%
Surname
Given Name
% Correct
Nishimura
Aika
69.2%
Onishi
Momoka
68.5%
Natori
Wakana
68.3%
Yamashita
Yukari, Emily
68.3%
Tsutsui
Riko
67.4%
Tsuzuki
Rika
67%
Kishino
Rika
67%
Umeta
Ayano
65%
Shinozaki
Ayana
64.3%
Kitagawa
Ryoha
64.3%
Hayashi
Momoka
64.3%
Honda
Hitomi
63.8%
Isohara
Kyoka
63.5%
Murayama
Yuiri
63.5%
Gyoten
Yurina
63.2%
Saito
Makiko
62.9%
Ogino
Risa
62.9%
Kurano
Narumi
62.6%
Kusaba
Manami
61.4%
Kumazawa
Serina
61.2%
Souda
Sarina
60.8%
Takashima
Yurina
60.5%
Tsuchiyasu
Mizuki
60.4%
Fukuoka
Seina
59.9%
Shimoguchi
Hinana
59.4%
Oda
Erina
59.4%
Uno
Mizuki
58.7%
Sakamoto
Erena
58.5%
Shitao
Miu
57.9%
Ichino
Narumi
57.3%
Koga
Narumi
57.3%
Nagano
Serika
56%
Yokoshima
Aeri
55.6%
Kamieda
Emika
55.4%
Suto
Ririka
55.3%
Takita
Kayoko
54.8%
Naiki
Kokoro
53.3%
Kadowaki
Kanako
53.2%
Muro
Kanako
53.2%
Matsumoto
Chikako
51.9%
Mizuno
Honoka
51.1%
Terui
Honoka
51.1%
Shimoaoki
Karin
51%
Tatsuya
Makiho
50.7%
Takei
Sara
50.6%
Takatera
Sana
49.6%
Kitano
Ruka
49.3%
Ui
Mashiro
49.3%
Inoue
Yuriya
48.3%
Okamoto
Naoko
48.3%
Takagi
Yumana
47.5%
Komada
Hiroka
47.5%
Chou
Kurena
47.4%
Iso
Kanae
47.2%
Iwanaga
Tsugumi
45.7%
Hokazono
Hazuki
45.3%
Yoshikawa
Nanase
44.8%
Kurokawa
Hazuki
44.3%
Takaoka
Kaoru
43.8%
Noguchi
Yume
43.3%
Kusaka
Konomi
43.1%
Tanikawa
Hijiri
43.1%
Hamamatsu
Riona
42.7%
Yamaguchi
Yuuki
42.4%
Hayasaka
Tsumugi
42.3%
Ida
Reona
41.8%
Inuzuka
Asana
41.6%
Hama
Sayuna
40.8%
Ito
Raira
40.6%
Miura
Arisa
40.6%
Iwasaki
Moeka
40.4%
Ueda
Mirei
39.7%
Koishi
Kumiko
38.6%
Yaguchi
Moka
36.6%
Akasi
Natsuko
36.5%
Hidaka
Yuzuki
35.9%
Nishizawa
Rurina
35.6%
Miyazato
Rira
34.7%
Hitomi
Kotone
32.3%
Quiz Playlist
Details
Report
Send in Message
Add To Playlist
More Info:
Team Kaigai included
Classic:
Type in answers that appear in a list
Last Updated: Feb 16, 2017
Quiz Scoreboard
CHALLENGE
Sign Up to Join the Scoreboard
Show All
Scores
Hide
Comments
May contain spoilers
Recently Published
5x2 Blitz: Bands
by SL_Kpop136
Music
30s
Colored Red Africa Blitz
by spor1
Geography
30s
Find the 'City' Movie
by crazypaving
Movies
60s
More to Explore
Quiz From the Vault
Featured Blog Post
14 Easter Pick-up Lines to Find Eggs With
hide this ad
You Might Also Like...
Tags
franchise
Matching
Reverse
Surname
Today's Top Quizzes in Music
Browse Music
hide this ad
Today's Top Quizzes in Reverse
Browse Reverse
Top Contributed Quizzes in Music
1
5X2 Blitz: Bands II
2
Taylor Swift Logic Puzzle II
3
Taylor Swift All Songs (2024)
4
5X2 Blitz: The Beatles
5
5X2 Blitz: Billboard
6
5X2 Blitz: Singers
7
5X2 Blitz: Album
8
5X2 Blitz: Rock
9
Music Artist by Three 2010s hits
10
5X2 Blitz: Billboard II
Explore More
Trending Topics
Kpop
Disney
Harry Potter
Crossword
Anime
Marvel
NBA
NFL
Puzzle
Soccer
Country
WWE
Song
Pokémon
The Office
hide this ad
More By:
SeifukuGirls
Quiz
Plays
Rating
Category
Featured
Created
300 Kpop Girl Group Members
3,103
4.00
Music
Jul 12, 2013
Every AKB48 Member Ever
1,439
3.00
Music
Aug 31, 2013
Pick the AKB48 Members (Clickable)
1,279
1.00
Music
Mar 19, 2013
Match the Given Name and Surname (AKB48 Members)
1,248
2.50
Music
Feb 27, 2013
Top 72 C Girls' Names US (1880)
817
4.80
Miscellaneous
Apr 9, 2013
Go to Creator's Profile
Score Distribution
Quiz Creator Spotlight
SeifukuGirls
Follow
Send a Message
Quizzes Created
-
Created Quiz Play Count
-
More By This Creator
Popular Quizzes Today
1
Find the 'City' Movie
2
Colored Red Africa Blitz
3
Find the US States - No Outlines Minefield
4
5x2 Blitz: Bands
5
The Countries of the World
6
Find the US States
7
US States
8
9x9 Crossword: Cartoon Network
More Music Quizzes
Composers by 2nd Symphony
Curator's Pick
Trending Quizzes
Colored Red Europe Blitz I
Colored Red Africa Blitz II
Colored Red Europe Blitz II
Colored Red Africa Blitz III
Colored Red Europe Blitz III
Recently Updated
Famous TV Couples
Peacemaker
Champions League XIs: Real Madrid
pecheneg
Largest US Cities 1790-2010
pecheneg
Rides in Walt Disney World
pecheneg
Most Oscar Losses (Acting)
pecheneg
Beyoncé Albums
pecheneg
Leaping Animals
pecheneg
Reality TV Shows (A-Z)
bhenderson79
Rickey Henderson's Hall of Fame Teammates
pecheneg
Champions League XIs: Arsenal
pecheneg
Trending Topics
Kpop
Anime
Disney
Harry Potter
NBA
Crossword
Marvel
Song
Soccer
Country
Pokémon
NFL
The Office
WWE
Puzzle
Your Account Isn't Verified!
In order to create a playlist on Sporcle, you need to verify the email address you used during registration. Go to your
Sporcle Settings
to finish the process.
Report this User
Report this user for behavior that violates our
Community Guidelines
.
Details:
Send Report
Go to the Sporcle.com Mobile Site →
Comments